[Event "Aarhusmesterskabet 2020"]
[Site "Aarhus"]
[Date "2020.02.14"]
[Round "3.6"]
[White "Klitgaard, Thomas"]
[Black "Oehlerich, Per"]
[Result "1-0"]
[WhiteElo "2187"]
[BlackElo "1935"]
[Annotator "RC"]
[PlyCount "67"]
[EventDate "2020.02.14"]
[EventType "swiss"]
[EventCountry "DEN"]
[SourceTitle "playchess.com"]
[Source "ChessBase"]
[SourceQuality "1"]
[TimeControl "5400+30"]

1. d4 {[%emt 1:10:22]} e6 {[%emt 1:10:43]} 2. c4 {[%emt 0:00:34]} Bb4+ {[%emt 0:01:08]} 3. Nc3 {[%emt 0:00:40]} c5 {[%emt 0:01:27]} 4. e3 {[%emt 0:00:44]} Nf6 {[%emt 0:00:40]} 5. Nge2 {[%emt 0:00:32]} O-O {[%emt 0:01:14]} 6. a3 {[%emt 0:00:31]} cxd4 {[%emt 0:00:54]} 7. axb4 {[%emt 0:00:32]} dxc3 {[%emt 0:00:28]} 8. Nxc3 {[%emt 0:00:28]} d5 {[%emt 0:01:16]} 9. cxd5 {[%emt 0:00:33]} Nxd5 {[%emt 0:00:38]} 10. Nxd5 {[%emt 0:00:29]} Qxd5 {[%emt 0:00:43]} 11. Qxd5 {[%emt 0:00:28]} exd5 {[%emt 0:00:27]} 12. b5 {[%emt 0:00:45]} Re8 {[%emt 0:01:54]} 13. Be2 {[%emt 0:00:47]} Nd7 {[%emt 0:01:27]} 14. Bd2 {[%emt 0:00:37]} Nc5 {[%emt 0:02:06]} 15. Bc3 {[%emt 0:01:33]} Bf5 {[%emt 0:01:01]} 16. O-O {[%emt 0:01:26]} a6 {[%emt 0:01:50]} 17. Rfd1 {[%emt 0:02:07]} Bc2 {[%emt 0:04:23]} 18. Rxd5 {[%emt 0:02:17]} Nb3 {[%emt 0:00:26]} 19. Ra3 {[%emt 0:01:13]} axb5 {[%emt 0:00:26]} 20. Rxa8 {[%emt 0:01:05]} Rxa8 {[%emt 0:00:27]} 21. h3 {[%emt 0:00:31]} h6 {[%emt 0:01:37]} 22. Rxb5 {[%emt 0:00:39]} Ra1+ {[%emt 0:01:00]} 23. Kh2 {[%emt 0:00:28]} Nc1 {[%emt 0:00:54]} 24. Bc4 {[%emt 0:01:59]} Bd3 {[%emt 0:01:00]} 25. Bxd3 {[%emt 0:00:27]} Nxd3 {[%emt 0:00:27]} 26. Kg3 {[%emt 0:00:28]} Rf1 {[%emt 0:01:53]} 27. f3 {[%emt 0:00:41]} Nc1 {[%emt 0:00:33]} 28. Rxb7 {[%emt 0:01:39]} Ne2+ {[%emt 0:00:29]} 29. Kh2 {[%emt 0:01:11]} h5 {[%emt 0:00:45]} 30. h4 {[%emt 0:00:28]} g5 {[%emt 0:00:45]} 31. Rb8+ {[%emt 0:00:34]} Kh7 {[%emt 0:00:26]} 32. Rh8+ {[%emt 0:00:28]} Kg6 {[%emt 0:00:26]} 33. Rg8+ {[%emt 0:00:25]} Kf5 {[%emt 0:00:31]} 34. Rxg5+ {[%emt 0:00:29]} 1-0

[Event "Aarhusmesterskabet 2020"]
[Site "Aarhus"]
[Date "2020.02.14"]
[Round "3.7"]
[White "Dumas, Charles"]
[Black "Stanislaus, Johann"]
[Result "1-0"]
[WhiteElo "2289"]
[BlackElo "1833"]
[Annotator "TA"]
[PlyCount "75"]
[EventDate "2020.02.14"]
[EventType "swiss"]
[EventCountry "DEN"]
[SourceTitle "playchess.com"]
[Source "ChessBase"]
[SourceQuality "1"]

{[%evp 14,75,9,-11,36,43,40,15,111,118,108,46,238,238,247,232,237,227,233,222,222,195,214,198,205,197,230,228,250,252,329,320,389,372,470,461,500,484,508,479,595,591,590,566,559,515,639,641,702,691,791,784,1383,1334,3033,2837,29982,1106,29983,29984,29981,29982,29980,29981]} 1. e4 c5 2. c3 e6 3. d4 d5 4. exd5 Qxd5 5. Nf3 Nf6 6. Be3 Nc6 7. dxc5 Qxd1+ 8. Kxd1 Be7 {B22: Sicilian: 2 c3.} 9. Nbd2 O-O 10. Nc4 {[#]} Nd7 $146 {[#]} (10... Nd5 $11) ({Predecessor:} 10... Ne4 11. Kc2 Bxc5 12. Bxc5 Nxc5 13. Re1 Nd7 14. g3 Nf6 15. h3 Rd8 16. Bg2 Rb8 {½-½ (45) Zlatea,C (1731)-Maharramov,Y Prague 2012}) 11. b4 $1 $16 Bf6 12. Nd4 (12. Rc1 $16) 12... Rd8 $2 {[#]} ({Black should play} 12... a5 $1 $14) 13. Nxc6 $1 $18 bxc6 14. Kc2 Ne5 15. Nxe5 Bxe5 16. Be2 a5 {intending ...axb4.} 17. a3 Ba6 18. Bxa6 Rxa6 19. Rhd1 {[%cal Rd1d8]} Rda8 {With the idea ...axb4.} 20. Bd4 ({Much less strong is} 20. f4 $6 Bf6 $16) 20... Bxd4 21. Rxd4 {[%mdl 4096] Endgame KRR-KRR} g6 22. Kb3 e5 23. Rd7 axb4 24. cxb4 Kg7 25. a4 {[%cal Ba3a4,Ba4a5][%mdl 32]} Re8 26. Re1 Rea8 27. a5 Re8 28. Rc7 Kf6 29. Re3 e4 30. f3 Rb8 31. Kc4 Rd8 32. Rxe4 Rd1 33. Rf4+ Kg5 34. Rcxf7 {Rg4+ would kill now.} h5 35. h4+ Kh6 36. g4 {[%csl Gh4][%cal Rg4g5] White mates.} Rc1+ 37. Kb3 {[%csl Gh4][%cal Rg4g5]} hxg4 38. fxg4 {Accuracy: White = 89%, Black = 37%.} 1-0

[Event "Aarhusmesterskabet 2020"]
[Site "Aarhus"]
[Date "2020.02.14"]
[Round "3.8"]
[White "Andersen, Lars Rene"]
[Black "Jaques, Hannibal Valeur"]
[Result "1-0"]
[WhiteElo "2103"]
[BlackElo "1794"]
[Annotator "TA"]
[PlyCount "85"]
[EventDate "2020.02.14"]
[EventType "swiss"]
[EventCountry "DEN"]
[SourceTitle "playchess.com"]
[Source "ChessBase"]
[SourceQuality "1"]

{[%evp 20,85,52,43,37,-2,45,36,39,40,24,20,16,12,14,8,19,11,6,0,14,-20,-14,-15,-10,-12,25,-19,0,-56,0,0,0,0,15,10,22,0,0,0,0,0,0,-1,-1,-24,-9,-27,258,257,264,247,311,296,295,298,323,301,404,314,362,359,362,359,29992,29993,29993,1329]} 1. e4 e5 2. Nf3 Nc6 3. Bb5 a6 4. Ba4 Be7 5. O-O d6 6. c3 Nf6 7. Re1 O-O 8. h3 Bd7 9. d4 Re8 10. Nbd2 b5 11. Bb3 h6 {[#] C87: Closed Ruy Lopez: Steinitz-type lines after 6 Re1 d6.} 12. d5 $146 ({Predecessor:} 12. Nf1 Bf8 13. Ng3 Na5 14. Bc2 c5 15. d5 Nc4 16. Nh2 g6 17. Rf1 Bg7 18. b3 Nb6 19. f4 exf4 20. Bxf4 Bc8 21. Qd2 Kh7 22. Rae1 Ra7 23. Nf3 {0-1 (51) Urazayev,A (2421)-Mirzoev,A (2489) Pavlodar 2018}) 12... Nb8 13. a4 c6 {White is slightly better.} 14. axb5 cxb5 15. Nf1 a5 16. Bc2 Na6 17. Be3 Qc7 18. Ng3 Nc5 19. Nd2 Reb8 20. Nb3 Nxb3 21. Bxb3 a4 22. Bc2 Qb7 23. Ne2 Bd8 24. Nc1 (24. Ng3 $11) 24... Bb6 ({Better is} 24... b4 $15) 25. Na2 Bxe3 26. Rxe3 Ne8 27. Nb4 Nc7 28. Qd2 Na6 29. Rg3 Kh7 30. f4 Nxb4 31. cxb4 Qb6+ 32. Kh1 f6 33. Raa3 Qd4 $2 {[%mdl 8192]} (33... Rc8 $11 {and Black is okay.}) 34. Qxd4 $18 exd4 35. e5+ $1 {[%mdl 64] [#] Discovered Attack} f5 36. e6 ({Inferior is} 36. exd6 Rc8 $15) 36... Be8 37. Bxf5+ g6 38. Be4 Rc8 39. f5 {[#] f6 is the strong threat.} gxf5 40. Bxf5+ Kh8 41. Rg4 {Rag3 would kill now.} Rc4 $2 (41... d3 $18) 42. Rag3 {[%csl Gg3][%cal Rg4g8]} Bh5 43. Rh4 {Accuracy: White = 74%, Black = 56%.} (43. Rg7 $142 Rc7 44. Rxc7 Bg6 45. Bxg6 Rc8 46. Rh7+ {[%mdl 64] Double Attack} Kg8 47. Bd3+ Kf8 48. Rf7+ Ke8 49. Rg8#) 1-0

[Event "Aarhusmesterskabet 2020"]
[Site "Aarhus"]
[Date "2020.02.15"]
[Round "4.1"]
[White "Danielsen, Henrik"]
[Black "Ochsner, Bjorn Moller"]
[Result "1/2-1/2"]
[WhiteElo "2511"]
[BlackElo "2472"]
[Annotator "TA"]
[PlyCount "85"]
[EventDate "2020.02.14"]
[EventType "swiss"]
[EventCountry "DEN"]
[SourceTitle "playchess.com"]
[Source "ChessBase"]
[SourceQuality "1"]

{[%evp 9,85,8,12,7,11,0,0,0,4,2,0,0,0,0,0,0,0,0,0,0,0,0,0,0,0,0,8,0,19,6,10,6,10,7,2,4,6,0,0,6,7,0,0,0,0,0,0,0,0,0,0,0,0,0,0,0,0,0,0,0,0,0,0,0,0,0,0,0,0,0,0,-3,0,0,0,-4,0,0]} 1. d4 Nf6 2. Nf3 d5 3. c4 e6 4. e3 a6 5. Nbd2 c5 {The position is equal.} 6. dxc5 {D30: Queen's Gambit Declined: Systems without Nc3.} Bxc5 7. a3 dxc4 8. Bxc4 O-O 9. b4 Be7 10. Bb2 b5 11. Be2 Bb7 12. O-O Nbd7 13. Rc1 Rc8 14. Rxc8 Qxc8 15. Qa1 Qa8 16. Rc1 Rc8 17. h3 {[#]} Bd5 $146 ({Predecessor:} 17... h6 18. Rxc8+ {½-½ (18) Jedynak,R (2412)-Grabarczyk,M (2453) Dzwirzyno 2004}) 18. Bd3 Nb6 {[%cal Bd7b6,Bb6c4,Bc4d2][%mdl 32]} (18... Bb7 {looks sharper.} 19. Rd1 Bd8 20. Qb1 h6 21. Qa1 Bc7) 19. Rxc8+ Qxc8 20. e4 Bb7 21. Bd4 Nc4 22. Qc3 {[%cal Rd3c4]} Nxd2 23. Qxc8+ Bxc8 24. Nxd2 Nd7 25. f4 e5 26. fxe5 Bg5 27. Nb3 Bf4 28. e6 fxe6 29. Kf2 Bb7 30. g3 Bd6 31. Nd2 Ne5 32. Be2 Kf7 33. Nf3 Nxf3 34. Bxf3 $11 {[%mdl 4096] Endgame KBB-KBB} e5 35. Bb6 Bc8 36. h4 Be6 37. Ke3 Ke7 38. Kd2 Kd7 39. Kc3 Kc6 40. Bd8 Kd7 41. Bb6 Kc6 42. Bd8 Kd7 43. Bb6 {Accuracy: White = 100%, Black = 100%.} 1/2-1/2

[Event "Aarhusmesterskabet 2020"]
[Site "Aarhus"]
[Date "2020.02.15"]
[Round "4.2"]
[White "Fries-Nielsen, Jens Ove"]
[Black "Fogh, Jens Olaf Svanholm"]
[Result "1-0"]
[WhiteElo "2373"]
[BlackElo "2112"]
[Annotator "TA"]
[PlyCount "109"]
[EventDate "2020.02.14"]
[EventType "swiss"]
[EventCountry "DEN"]
[SourceTitle "playchess.com"]
[Source "ChessBase"]
[SourceQuality "1"]

{[%evp 9,109,-7,20,12,26,0,0,0,6,4,8,6,8,8,6,-56,-55,-58,-51,-49,-41,-51,-49,-41,-34,-42,0,0,0,0,0,0,23,24,34,29,33,30,31,20,22,10,20,10,10,10,10,10,125,116,80,83,170,168,277,247,112,112,460,464,720,691,549,442,395,254,341,349,324,318,287,247,237,235,233,225,1542,961,971,983,2901,913,900,703,780,759,4622,4590,2812,2783,5106,5081,5600,2857,29984,1000,29985,29986,29989,29990,29990,29991]} 1. d4 d5 2. Nc3 Nf6 3. Bf4 e6 4. e3 c6 5. Bd3 Bd6 (5... Bb4 {keeps more tension.} 6. Qd2 O-O 7. a3 Be7 8. Nf3 Nbd7) 6. Bxd6 {D00: 1 d4 d5: Unusual lines.} Qxd6 7. f4 {[#]} c5 $146 ({Predecessor:} 7... Nbd7 8. Qd2 a6 9. Nce2 c5 10. c3 c4 11. Bc2 b5 12. Ng3 Bb7 13. Nh3 Ne4 14. Nxe4 dxe4 {0-1 (43) Stanek,S (2034)-Hodovsky,J (2116) Brno 2005}) 8. Nf3 {The position is equal.} c4 9. Be2 Qb4 10. Qc1 Ne4 11. a3 Qa5 12. Ng5 (12. b4 $1 $11 cxb3 13. cxb3) 12... Nxc3 $15 13. Qd2 $1 {[%mdl 64] Pin} Nd7 14. Bf3 Nb6 15. Qxc3 Qxc3+ 16. bxc3 f6 (16... h6 $5 17. Nh3 $8 f5 $11) 17. Nh3 f5 18. g4 e5 19. Rg1 e4 20. Be2 Na4 21. Kd2 b5 22. gxf5 Bxf5 23. Nf2 O-O 24. h4 h6 25. Rab1 (25. Rg3 {looks sharper.} Rab8 26. Rag1 Rb7 27. Ng4 Kh7 28. Ne5) 25... Rab8 26. Ng4 (26. Rg2 {feels hotter.} Kh7 27. Ng4 Rb7 28. Ne5 Rf6 29. Rbg1) 26... Bxg4 27. Bxg4 {Strongly threatening Be6+.} Rf6 28. Bd7 a6 {[#]} (28... Rb7 $11 {remains equal.} 29. Bh3 a6) 29. f5 $1 $16 Nb6 30. Be6+ Kh8 (30... Kf8 $16 {keeps fighting.}) 31. Rg6 $18 Rbf8 {[#]} (31... Re8 $142 32. Rxf6 gxf6) 32. h5 $1 Rxg6 ({Black should try} 32... Re8 $18 33. Rxf6 gxf6) 33. hxg6 {[%mdl 4096] Endgame KRB-KRN} Nc8 $2 {[%mdl 8192]} (33... Rd8 $16) 34. a4 Nd6 (34... Nb6 $142 35. axb5 a5) 35. axb5 Nxb5 36. Bxd5 Rxf5 37. Bxe4 Rf2+ 38. Ke1 Rf8 39. Bc6 Rf6 40. Bxb5 axb5 41. Rxb5 {White threatens Rb8+ and mate.} Rxg6 {KR-KR} 42. e4 Rg2 $2 (42... Rg4 43. e5 Kg8) 43. d5 Kg8 44. e5 Kf8 45. e6 (45. d6 $142 Rg5 46. Rb8+ Kf7 47. d7 Rxe5+ 48. Kf2) 45... Rg5 46. Ke2 Ke7 47. Rb7+ Kf6 48. Rf7+ Kg6 49. Rd7 Kf6 50. Ke3 h5 51. Kd4 h4 52. Rf7+ Kg6 53. Rf4 {White mates.} Rh5 54. e7 Rh8 55. Rf8 {Accuracy: White = 78%, Black = 50%.} 1-0

[Event "Aarhusmesterskabet 2020"]
[Site "Aarhus"]
[Date "2020.02.15"]
[Round "4.3"]
[White "Nielsen, Viktor Haarmark"]
[Black "Hansen, Lars Bo"]
[Result "1/2-1/2"]
[WhiteElo "2300"]
[BlackElo "2560"]
[Annotator "TA"]
[PlyCount "54"]
[EventDate "2020.02.14"]
[EventType "swiss"]
[EventCountry "DEN"]
[SourceTitle "playchess.com"]
[Source "ChessBase"]
[SourceQuality "1"]

{[%evp 23,54,-4,0,0,0,0,0,0,0,0,50,49,42,45,54,20,36,24,20,5,4,0,0,0,0,0,0,0,0,0,0,0,0]} 1. e4 e6 2. d4 d5 3. Nc3 Nf6 4. e5 Nfd7 5. f4 c5 6. Nf3 Nc6 7. Be3 cxd4 8. Nxd4 Bc5 9. Qd2 O-O 10. O-O-O a6 11. Qf2 Bxd4 {The old main line.} 12. Bxd4 b5 13. Be3 {C11: French: Classical System: 4 e5 and 4 Bg5 dxe4.} Bb7 14. Bd3 Nb4 15. a3 Nxd3+ 16. Rxd3 Rc8 17. Bd4 Qe7 18. Kb1 {[#]} Nc5 $146 ({Predecessor:} 18... b4 19. axb4 Qxb4 20. Rhd1 Rc4 21. Ne2 Rfc8 22. Rb3 Qa4 23. f5 Rxc2 24. Rxb7 Rxb2+ 25. Bxb2 Qxd1+ {1-0 (42) Robson,N (2654)-Wurschner,M (2220) IECG email 2007}) 19. Bxc5 Qxc5 20. Qxc5 Rxc5 21. Ne2 {The position is equal.} d4 22. Rg1 Be4 23. Rd2 Rd8 {[#]} 24. Nc3 $1 {[%mdl 512]} Bd5 (24... dxc3 25. Rxd8#) 25. Ne2 (25. Rxd4 $2 Ba2+ $1 {[%mdl 512]} 26. Nxa2 Rxd4 $19) 25... Be4 {[#]} 26. Nc3 $1 {[%mdl 512]} Bd5 (26... dxc3 27. Rxd8#) 27. Ne2 ({Not} 27. Rxd4 $2 {[#]} Ba2+ $1 {[%mdl 512]} 28. Kxa2 Rxd4 $19) 27... Be4 {Accuracy: White = 92%, Black = 92%.} 1/2-1/2

[Event "Aarhusmesterskabet 2020"]
[Site "Aarhus"]
[Date "2020.02.15"]
[Round "4.4"]
[White "Rossen, Claus"]
[Black "Schmidt, Tommy B."]
[Result "0-1"]
[WhiteElo "2108"]
[BlackElo "2166"]
[Annotator "TA"]
[PlyCount "48"]
[EventDate "2020.02.14"]
[EventType "swiss"]
[EventCountry "DEN"]
[SourceTitle "playchess.com"]
[Source "ChessBase"]
[SourceQuality "1"]

{[%evp 11,48,26,32,-8,144,145,145,142,133,139,129,0,0,0,121,114,123,0,0,-65,-57,-116,-104,-279,-282,-268,-263,-266,-257,-349,-357,-358,-350,-397,-396,-402,-404,-466,-468]} 1. e4 e6 2. d4 d5 3. Nc3 Nf6 4. Bg5 Be7 5. e5 Nfd7 6. h4 h6 7. Be3 {C14: French: Classical System: 4 Bg5 Be7 main line.} O-O $2 ({Better is} 7... c5 $11) 8. Bxh6 $16 gxh6 9. Qg4+ {White is clearly better.} Kh8 {Threatens to win with ...Rg8.} 10. Qh5 $1 {[%cal Rh5h6][%mdl 1024] White has strong compensation.} Kg7 11. Qg4+ (11. Rh3 $1 $16 {[%cal Rh3g3] And now Rg3+ would win.} Rh8 12. Nge2) 11... Kh8 $11 12. Qh5 (12. Qf4 $11 Kg7 13. Qg4+ Kh8) 12... Kg7 $1 $16 13. Rh3 $1 {[%cal Rh3g3] [#] Strongly threatening Rg3+.} Rh8 $146 {[#]} ({Predecessor:} 13... Qe8 14. Rg3+ Kh7 15. Bd3+ f5 16. exf6+ {1-0 (14) Rudnik,H (2068)-Roellig,W (1442) Naumburg 2002}) 14. Rf3 (14. Nge2 $1 $16) 14... Qe8 $1 $11 {White must now prevent ...f5.} 15. Qg4+ (15. Rg3+ $11 Kf8 16. Nge2 (16. Qg4 Bb4 $17)) 15... Kf8 $15 16. Bd3 {[#]} (16. O-O-O $15) 16... Nc6 $1 $17 {Hoping for ...Ncxe5!} 17. Rf4 $2 {[#]} (17. Qf4 $17) 17... Ndxe5 $1 $19 18. dxe5 Nxe5 19. Qe2 Bd6 20. Rd4 c5 21. Bb5 Qe7 ({Not} 21... cxd4 22. Bxe8 dxc3 23. Bb5 $11) 22. Ra4 a6 23. Nf3 Qf6 24. O-O-O Rb8 {Accuracy: White = 45%, Black = 86%.} 0-1

[Event "Aarhusmesterskabet 2020"]
[Site "Aarhus"]
[Date "2020.02.15"]
[Round "4.5"]
[White "Hansen, Morten Lyck"]
[Black "Dumas, Charles"]
[Result "0-1"]
[WhiteElo "1984"]
[BlackElo "2289"]
[Annotator "TA"]
[PlyCount "78"]
[EventDate "2020.02.14"]
[EventType "swiss"]
[EventCountry "DEN"]
[SourceTitle "playchess.com"]
[Source "ChessBase"]
[SourceQuality "1"]

{[%evp 17,78,-4,0,1,6,7,5,13,42,41,61,47,74,68,60,55,124,64,68,53,52,0,66,68,68,61,60,64,79,63,79,-14,52,26,62,43,56,26,52,0,0,-95,-92,-104,-112,-108,-98,-150,-116,-432,-410,-475,-476,-607,-591,-606,-572,-606,-596,-565,-554,-647,-605]} 1. e4 c5 2. Nf3 Nc6 3. d4 cxd4 4. Nxd4 Nf6 5. Nc3 d6 6. Bc4 e6 7. Bb3 Be7 8. O-O O-O 9. Kh1 Bd7 10. f4 {B88: Sicilian: Sozin Attack.} Nxd4 11. Qxd4 Bc6 12. f5 {The position is equal.} e5 13. Qd3 Rc8 14. Bg5 {[#]} Qc7 $146 ({Predecessor:} 14... Nd7 15. Bxe7 Qxe7 16. Rad1 Nc5 17. Qg3 Qf6 18. Nd5 Bxd5 19. Bxd5 Rc7 20. b3 Kh8 {1-0 (34) Groeller,W-Thurman,J Plymouth 1984}) 15. Rad1 Ne8 16. Be3 a6 {[#]} (16... Nf6 $14) 17. a4 (17. g4 $1 $16) 17... Nf6 18. Bg5 Ne8 19. Be3 (19. Bxe7 $14 Qxe7 20. Rfe1) 19... Qd8 (19... Nf6 $11) 20. Nd5 $14 Bxd5 21. Bxd5 Qd7 22. a5 Nf6 23. c4 Nxd5 24. cxd5 ({Better is} 24. Qxd5 $16 Rc6 25. b3) 24... f6 (24... Qa4 $11) 25. Rc1 Qa4 26. Bb6 Kf7 27. Rfe1 Qb4 28. b3 ({White should play} 28. Qe2 $14) 28... Bd8 $1 $11 {Threatens to win with ...Rxc1.} 29. Bxd8 (29. Qe3 $11 Bxb6 30. Qxb6 Qxb6 31. axb6) 29... Rfxd8 $17 30. Ra1 Rc3 31. Qe2 Rdc8 ({Don't play} 31... Rxb3 32. Rec1 $11) 32. Qh5+ ({White should try} 32. h3) 32... Kg8 33. g4 $2 {[%mdl 8192]} (33. h3 $17 {is tougher.}) 33... h6 $19 34. Qh4 Rc2 {Black is clearly winning.} 35. Qg3 {[#]} R8c3 $1 {[%mdl 512]} 36. Re3 Qxb3 37. Rxc3 Rxc3 38. Qg2 Rc2 39. Qf1 Qe3 {Accuracy: White = 49%, Black = 70%.} 0-1

[Event "Aarhusmesterskabet 2020"]
[Site "Aarhus"]
[Date "2020.02.15"]
[Round "4.6"]
[White "Oehlerich, Per"]
[Black "Hoiberg, Nina"]
[Result "0-1"]
[WhiteElo "1935"]
[BlackElo "2168"]
[Annotator "TA"]
[PlyCount "70"]
[EventDate "2020.02.14"]
[EventType "swiss"]
[EventCountry "DEN"]
[SourceTitle "playchess.com"]
[Source "ChessBase"]
[SourceQuality "1"]

{[%evp 12,70,0,0,18,-31,-54,-42,-33,-28,-32,-69,-34,-71,-69,-103,-103,-120,-112,-116,-109,-141,-138,-137,-136,-170,-172,-167,-188,-185,-189,-237,-174,-184,-156,-284,-283,-281,-252,-270,-258,-279,-270,-268,-249,-326,-326,-377,-377,-416,-375,-471,-464,-465,-437,-457,-450,-530,-518,-582,-573]} 1. e4 e5 2. Nf3 Nc6 3. d4 exd4 4. Nxd4 Bc5 5. Be3 Qf6 6. Nb5 Bxe3 7. fxe3 Qd8 {C45: Scotch Game.} 8. N1c3 (8. Qg4 $5 {[%cal Rg4g7]} Kf8 9. Qf4 $11) 8... a6 9. Nd4 d6 {Black is slightly better.} 10. Nxc6 bxc6 11. Bc4 {[#]} Nh6 $146 ({Predecessor:} 11... Nf6 12. O-O O-O 13. Qf3 Qe7 14. Rae1 Rb8 15. b3 Qe5 16. Nd1 Qxe4 17. Qg3 Qe7 {1-0 (32) Lofi,S-Bujisho,S (1975) France 2003}) 12. Qd2 Ng4 13. O-O-O Ne5 14. Bb3 O-O 15. h3 Rb8 16. a3 Qe7 17. Ne2 Be6 18. Nd4 Bxb3 19. Nxb3 Rb6 20. Qc3 Rfb8 21. Rhf1 Qe6 22. Rf5 g6 23. Nc5 {[#]} (23. Rxe5 $17 {keeps fighting.} Qxe5 24. Qxe5 dxe5 25. Rd7) 23... Qc4 $1 $19 (23... dxc5 24. Rxe5 Qa2 25. Rxc5 $15) 24. Rxe5 Qxc3 25. bxc3 Rb1+ ({Don't play} 25... dxe5 26. Nb3 $19) ({Worse is} 25... dxc5 26. Kd2 $14) 26. Kd2 {Strongly threatening Rxb1.} Rxd1+ ({But not} 26... dxe5 27. Rc1 $19) 27. Kxd1 dxe5 28. Nxa6 {[%mdl 4096] Endgame KR-KN} Ra8 29. Nb4 Rxa3 30. Kd2 Ra1 31. Nxc6 f6 {Black is clearly winning.} 32. Ke2 Rg1 33. Kf3 Kf7 34. c4 Rb1 35. c3 Rb3 {Accuracy: White = 45%, Black = 88%.} 0-1

[Event "Aarhusmesterskabet 2020"]
[Site "Aarhus"]
[Date "2020.02.15"]
[Round "4.7"]
[White "Iversen, Flemming Pagh"]
[Black "Klitgaard, Thomas"]
[Result "1-0"]
[WhiteElo "1806"]
[BlackElo "2187"]
[Annotator "TA"]
[PlyCount "115"]
[EventDate "2020.02.14"]
[EventType "swiss"]
[EventCountry "DEN"]
[SourceTitle "playchess.com"]
[Source "ChessBase"]
[SourceQuality "1"]

{[%evp 18,115,23,-23,7,-33,0,-43,-30,-31,-40,-41,-41,-59,-62,-77,0,0,0,-69,-60,-80,-19,-139,-11,0,0,-26,0,-26,-20,-23,82,-12,-12,-9,0,0,0,-10,0,0,51,54,22,-141,194,-109,-20,-18,196,210,199,177,341,371,352,362,386,386,624,245,250,245,310,310,310,310,547,120,127,-361,180,168,139,-125,468,426,434,0,0,0,0,-37,0,-35,0,0,8,8,733,0,0,0,14,8,412,385,2644,2489]} 1. Nf3 d5 2. g3 Nf6 3. Bg2 e6 4. O-O c5 5. d3 Be7 6. Nbd2 Nc6 7. e4 b5 8. Re1 Qc7 9. c3 O-O 10. Nf1 a5 {C00: French: Unusual White 2nd moves.} 11. a3 Ba6 12. e5 Nd7 {Black is slightly better.} 13. Bf4 {[#]} Rfc8 $146 ({Predecessor:} 13... b4 14. Ne3 bxc3 15. bxc3 Rfb8 16. c4 d4 17. Nd5 Qc8 18. Nxe7+ Nxe7 19. Ng5 h6 20. Bxa8 hxg5 21. Bxg5 {1-0 (30) Kozma,J-Kostro,J Budapest 1960}) 14. h4 Qd8 15. N1h2 b4 16. Ng4 Bf8 (16... bxc3 $17 17. bxc3 Rab8) 17. Ng5 $11 h6 18. Nh3 (18. Nxf7 $1 $11 Kxf7 19. Bxd5 $1 {[%mdl 512]} exd5 20. Nxh6+ $1 {[%mdl 512]} gxh6 21. e6+ {[%mdl 64] Double Attack} Kf6 22. Qf3) 18... bxc3 19. bxc3 Rab8 (19... Ra7 $17) 20. Qd2 (20. Bxd5 $1 $11 {remains equal.} exd5 21. e6) 20... c4 (20... Rb3 $17 {Black wants to play ...a4.} 21. a4 Rcb8) 21. d4 a4 22. Be3 Ne7 23. Qc2 Rb3 24. Nf4 Nb6 (24... Bb7 $11) 25. Bc1 (25. Nh5 $1 $16 {[%cal Rh5f6]} Nf5 26. Bxh6) 25... Nf5 26. Ne3 Nxe3 27. Rxe3 Na8 28. Bh3 Nc7 29. Rf3 Qe8 ({Black should play} 29... Bb5 $11) 30. Nh5 $1 $14 Nb5 {[%cal Rb5a3]} 31. Rf6 $2 ({Better is} 31. Kg2 $11) 31... Rxc3 $2 {[%mdl 8192]} (31... Nxc3 $17 {Strongly threatening ...Ne4.} 32. Bxh6 Ne4) 32. Qe2 $2 {[#]} (32. Qd1 $1 $18) 32... Rxc1+ $1 {[%mdl 512]} 33. Rxc1 $11 Kh8 $2 {[#]} (33... Nxa3 $2 34. Rxh6 $1 {[%mdl 512]} gxh6 35. Nf6+ Kh8 36. Nxe8 $18) (33... Bxa3 $2 34. Qg4 $1 $18 {[%mdl 512]}) (33... Nxd4 $11 {and Black has nothing to worry.} 34. Qg4 Qe7 35. Nxg7 (35. Qxd4 gxf6 36. Nxf6+ Kh8 $17) 35... Bxg7 36. Qxd4 Rb8) 34. Rxh6+ $3 $18 {[%mdl 512]} gxh6 35. Nf6 $1 {Threatening mate with Qc2.} Qe7 $2 (35... Bxa3 $2 36. Nxe8 Rxe8 37. Ra1 $18) (35... Nxd4 36. Qg4 Bc5 37. Nxe8 Rxe8) 36. Qc2 {[%csl Gf6][%cal Rc2h7]} Qxf6 37. exf6 Nxd4 38. Qxa4 Bb5 $2 (38... Ne2+ 39. Kg2 Nxc1 40. Qxa6 Rc7) 39. Qd1 $2 (39. Qa7) 39... Nb3 40. Rc3 d4 41. Rxb3 $1 cxb3 42. Qxb3 Be2 $2 (42... Rc1+ {keeps fighting.} 43. Kh2 Bc6) 43. Qb2 $2 (43. Qb7 $18 Rc1+ 44. Kh2) 43... d3 $16 44. Qb7 $2 {[%mdl 8192] [#]} (44. Qd4 $16) 44... Rc1+ $4 {[%mdl 8192]} (44... d2 $1 $19 {[%mdl 512] avoids the disaster.} 45. Qxc8 d1=Q+ 46. Kh2 Kg8) 45. Kh2 $18 Kg8 {Hoping for ...d2.} 46. Qd7 $2 {[%mdl 8192]} (46. Bxe6 $1 $16 fxe6 47. Qd7) 46... Rc2 $2 {[%mdl 8192] [#]} (46... Rc6 $1 $17 {[%cal Rc6d6] and life is bright.} 47. Bg2 (47. Qxc6 d2 $17) 47... Rd6) 47. Bxe6 $1 Bh5 (47... fxe6 48. Qxe6+) 48. Qxd3 $2 ({White should try} 48. Bg4 $18 Bg6 49. h5) 48... Rxf2+ $11 49. Kh3 {aiming for Qd4.} fxe6 50. g4 Bf7 (50... Ra2 $5 {[%cal Ra2a3]} 51. Qc4 Rxa3+ 52. Kg2 Bf7 $17) 51. g5 {Black must now prevent Qg3.} Bh5 {And now ...Rf3+ would win.} (51... Ra2 $5 {[%cal Ra2a3]} 52. Qd8 Rxa3+ 53. Kg2 Ra4 $17) 52. Qc4 Kf7 {( -> ...Bd6)} 53. Qc7+ Kg6 $2 {[%mdl 8192]} (53... Kg8 $11) 54. Qc8 $2 (54. Qb8 $18 Rf3+ 55. Kg2) 54... Bd6 $1 {[%csl Gd6][%cal Rf2h2]} 55. Qe8+ $1 Kf5 {[%csl Gd6][%cal Rf2h2]} 56. Qb5+ e5 $2 {[%mdl 8192] [#]} (56... Kf4 $11 57. Qc4+ Ke5) 57. Qd3+ $1 $18 ({Not} 57. Qd7+ {[#]} Kf4 $1 $11 {[%mdl 512]}) 57... Kf4 $2 (57... Ke6 58. gxh6 e4 59. Qxd6+ (59. Qxe4+ Be5 $11) 59... Kxd6) 58. Qg3+ {[%mdl 64] Double Attack. Accuracy: White = 52%, Black = 29%.} 1-0